000 03698nab a2200313 i 4500
003 BR-BrBNA
005 20240904221810.0
008 240904b2016 bl.mr|pooa||| 00| 0 eng |
040 _aBR-BrBNA
_beng
072 _aT01
_b0230
100 _aSilva, Raquel de Oliveira
100 _aScorza Júnior, Rômulo Penna
100 _aBonfá, Maricy Raquel Lindenbah
100 _aCampanari, Maria Fernanda Zaneli
100 _aMendes, Ieda de Carvalho
245 _aDegradation and sorption of fipronil and atrazine in Latossols with organic residues from sugarcane crop
500 _aPublicação on-line; 17 ref.; 4 tables; Sumaries (En, Pt)
520 _a ABSTRACT - Organic residues from sugarcane crop and processing (vinasse, boiler ash, cake filter, and straw) are commonly applied or left on the soil to enhance its fertility. However, they can influence pesticide degradation and sorption. The objective of this study was to assess the effect of adding these organic residues on the degradation and sorption of fipronil and atrazine in two soils of the State of Mato Grosso do Sul, MS, Brazil. The degradation experiment was carried out with laboratory-incubated (40 days; 28°C; 70% field capacity) soils (0-10cm). The batch equilibration method was used to determine sorption. Fipronil (half-life values of 15-105 days) showed to be more persistent than atrazine (7-17 days). Vinasse application to the soil favored fipronil and atrazine degradation, whereas cake filter application decreased the degradation rates for both pesticides. Values for sorption coefficients (Kd) were determined for fipronil (5.1-13.2mL g-1) and atrazine (0.5-1.5mL g-1). Only straw and cake filter residues enhanced fipronil sorption when added to the soil, whereas all sugarcane residues increased atrazine sorption. Key words: organic residue, degradation and sorption.
520 _a RESUMO - Resíduos orgânicos do cultivo e processamento da cana-de-açúcar (vinhaça, cinzas, torta de filtro e palha) são usualmente aplicados ou deixados no solo para aumentar sua fertilidade, mas eles podem influenciar na degradação e sorção de agrotóxicos. O objetivo deste estudo foi avaliar o efeito da adição desses resíduos orgânicos no solo sobre a degradação e sorção do fipronil e da atrazina em dois solos no Estado de Mato Grosso do Sul, MS, Brasil. O experimento de degradação foi realizado com solos (0-10cm) incubados em laboratório (40 dias; 28°C; 70% da capacidade de campo). Para determinar a sorção, foi usado o método da batelada. Fipronil mostrou ser mais persistente (valores de meia-vida entre 15-105 dias) que atrazina (7-17 dias). O solo com adição de vinhaça favoreceu a degradação de fipronil e atrazina, enquanto adição da torta de filtro desacelerou o processo. Os valores do coeficiente de sorção (Kd) foram determinados para fipronil (5,1-13,2mL g-1) e atrazina (0,5-1,5mL g-1). Apenas os resíduos palha e torta de filtro aumentaram a sorção de fipronil quando adicionados ao solo, enquanto todos os resíduos aumentaram a sorção de atrazina. Palavras-chave: resíduo orgânico, degradação e sorção.
650 _aCANA DE AÇÚCAR
650 _aRESÍDUO ORGÂNICO
650 _aDETERIORAÇÃO DO SOLO
650 _aSORÇÃO
650 _aAGROTÓXICO
773 0 _02408
_9314929
_dSanta Maria-RS Universidade Federal de Santa Maria - Centro de Ciências Rurais 1991
_o2024-1180
_tCiência Rural (Brazil)
_x0103-8478
_gv. 46(7) p. 1172-1177; (2016)
_wBR2024001698
856 _uhttps://www.scielo.br/j/cr/a/5BDk8pB8dHmFks4zBThS57m/?format=pdf&lang=en
942 _cAnalítica
999 _c301120
_d301120